000 00646nam a2200241Ia 4500
008 160803s9999 xx 000 0 und d
020 _a9780590926652
100 _aCobb, Vicki
245 _aBlood & gore, like you've never seen /
245 _cVicki Cobb.
260 _aNew York :
260 _bScholastic Inc.
260 _c1997
300 _a32 pages :
300 _bcolor illustrations ;
300 _c23 cm
500 _aIncludes index.
650 _aCytology -- Atlases --
650 _aScanning electron microscopy -- Atlases --
650 _xJuvenile literature.
650 _xJuvenile literature.
700 _a900
999 _c298915
_d298915